000
00292nam a22001337a 4500
008
181102b xxu||||| |||| 00| 0 eng d
020
_a
9781118922019
041
_a
eng
080
_a
336.2
100
_a
55
101
_a
TAX
245
_a
Your Income Tax 2015
_c
Laser, J.K
942
_2
udc
_c
BK
999
_c
51663
_d
51663